000 00637nam a2200205Ia 4500
003 GCL
008 140319s9999 xx 000 0 ara d
040 _aGCL /
_cGCL
082 0 4 _a190
_bب ج
100 1 _aخليل احمد خليل
245 1 0 _aجدلية الزمن /
_cخليل احمد خليل
700 1 _aباشلار، غاستون
260 _a[S.N] :
_bالمؤسسة الجامعية للدراسات والنشر والتوزيع ،
_c1988
300 _a176 ص
490 _a
650 0 4 _aالفلسفة
650 0 4 _aالفلسفة الحديثة
650 0 4 _aالفلسفة الغربية
942 _2ddc
_cBK
999 _c28562
_d28562